|
|
|
|
| LEADER |
00000nam0a2200000 4500 |
| 001 |
365076 |
| 005 |
20231102011742.0 |
| 035 |
|
|
|a (RuTPU)RU\TPU\retro\22439
|
| 090 |
|
|
|a 365076
|
| 100 |
|
|
|a 20211210d1981 km y0rusy50 ca
|
| 101 |
0 |
|
|a rus
|
| 102 |
|
|
|a UA
|
| 105 |
|
|
|a a z 001zy
|
| 200 |
1 |
|
|a Повышение качества черных металлов
|f В. И. Мачикин, А. М. Зборщик, Е. Н. Складановский
|
| 210 |
|
|
|a Киев
|c Технiка
|d 1981
|
| 215 |
|
|
|a 161 с.
|c ил.
|
| 320 |
|
|
|a Библиогр.: с. 155-159
|
| 606 |
1 |
|
|a Черные металлы
|x Обработка внепечная
|2 stltpush
|3 (RuTPU)RU\TPU\subj\18714
|9 44099
|
| 610 |
1 |
|
|a качество
|
| 610 |
1 |
|
|a кальций
|
| 610 |
1 |
|
|a магний
|
| 610 |
1 |
|
|a использование
|
| 610 |
1 |
|
|a железоуглеродистые расплавы
|
| 610 |
1 |
|
|a расплавленные металлы
|
| 610 |
1 |
|
|a ввод
|
| 610 |
1 |
|
|a оборудование
|
| 610 |
1 |
|
|a чугун
|
| 610 |
1 |
|
|a внедоменная десульфурация
|
| 610 |
1 |
|
|a сталь
|
| 610 |
1 |
|
|a внепечное рафинирование
|
| 610 |
1 |
|
|a модифицирование
|
| 675 |
|
|
|a 669.1.04
|v 4
|
| 700 |
|
1 |
|a Мачикин
|b В. И.
|g Виктор Иванович
|
| 701 |
|
1 |
|a Зборщик
|b А. М.
|g Александр Михайлович
|
| 701 |
|
1 |
|a Складановский
|b Е. Н.
|g Евгений Никифорович
|
| 801 |
|
1 |
|a RU
|b 63413507
|c 20211210
|
| 942 |
|
|
|c BK
|